=LDR 00000nam 2200000 4500 =001 INLIS000000000004865 =005 20130612093131 =008 ***********************************Ind** =035 ##$$0010-061300000004865 =041 ##$$a Ind =082 ##$$a 376.216 =090 ##$$a 376.216, Win p =100 ##$$a WINN, Marie =245 ##$$a Playgroup, Kelompok bermain yang tepat guna dan tepat sasaran, Marie Winn, Mary Ann Porcher =260 ##$$a 21 cm $b Semarang =300 ##$$a 86 hlm., ilus., 21 cm =650 ##$$a Permainan =700 ##$$a Porcher, Mary Ann =850 ##$$a NBPNMAT